| 000 | 00496nam a22001457a 4500 | ||
|---|---|---|---|
| 008 | 160526b xxu||||| |||| 00| 0 eng d | ||
| 020 | _a8185614164 | ||
| 050 | _aREF Z55.5 .I83 2004 | ||
| 100 | _aIsaac Pitman & Sons | ||
| 245 |
_aPitman pocket shorthand dictionary/ _cIsaac Pitman & Sons |
||
| 250 | _aNew Era ed. | ||
| 260 |
_aShastri Marg: _bLeema Publication & Distribution, _c2004 |
||
| 300 |
_aiii, 221p.: _c8cm |
||
| 942 |
_2lcc _cREF_BOOK _hREF Z55.5 .I83 2004 |
||
| 999 |
_c11165 _d11165 |
||